000 01311cam a2200313 a 4500
999 _c58735
_d58735
001 1634929
005 20221104140819.0
008 960515s1997 nyua b 001 0 eng
010 _a 96024224
020 _a0387948236 (New York : hard : acidfree paper)
040 _aDLC
_cDLC
_dDLC
050 0 0 _aQA169
_b.H55 1997
080 _a512 H-66
100 1 _aHilton, Peter,
_d1923-2010.
_914358
245 1 2 _aA course in homological algebra /
_cP.J. Hilton, U. Stammbach.
250 _a2nd ed.
260 _aNew York :
_bSpringer,
_cc1997.
300 _axii, 364 p. :
_bill. ;
_c24 cm.
440 0 _aGraduate texts in mathematics ;
_v4
_99001
504 _aIncludes bibliographical references (p. [357]-358) and index.
650 0 _aAlgebra, Homological.
_914359
650 0 _aკურსი ჰომოლოგიური ალგებრაში
_914360
700 1 _aStammbach, Urs.
_914361
856 4 2 _3Publisher description
_uhttp://www.loc.gov/catdir/enhancements/fy0814/96024224-d.html
856 4 1 _3Table of contents only
_uhttp://www.loc.gov/catdir/enhancements/fy0814/96024224-t.html
906 _a7
_bcbc
_corignew
_d1
_eocip
_f19
_gy-gencatlg
942 _2udc
_cBK
955 _apc14 to ja00 05-15-96; jd25/jd20 05-16-96; jd99 05-16-96;; jd85 05-17-96;aa05 05-23-96; CIP ver. pv07 04-03-97